Countries recognized by the United States - Statistics

General Stats
  • This quiz has been taken 67 times
    46 since last reset
  • The average score is 173 of 192
Answers on the Map
Answers color-coded by a green-red scale on the quiz's map according to % correct below.
 
Answer Stats
Country % Correct
Albania
100%
Andorra
100%
Austria
100%
Belgium
100%
Belize
100%
Bosnia and Herzegovina
100%
Bulgaria
100%
Canada
100%
Croatia
100%
Cuba
100%
Czech Republic
100%
Denmark
100%
Dominica
100%
France
100%
Germany
100%
Guatemala
100%
Haiti
100%
Hungary
100%
Iceland
100%
Ireland
100%
Italy
100%
Jamaica
100%
Kosovo
100%
Liechtenstein
100%
Luxembourg
100%
Mexico
100%
Monaco
100%
Montenegro
100%
Netherlands
100%
North Macedonia
100%
Poland
100%
Portugal
100%
Romania
100%
San Marino
100%
Serbia
100%
Slovakia
100%
Slovenia
100%
Spain
100%
Switzerland
100%
Turkey
100%
United Kingdom
100%
Vatican City
100%
Algeria
91%
Angola
91%
Antigua and Barbuda
91%
Argentina
91%
Armenia
91%
Azerbaijan
91%
Bahamas
91%
Bahrain
91%
Barbados
91%
Belarus
91%
Benin
91%
Bolivia
91%
Botswana
91%
Brazil
91%
Burkina Faso
91%
Burundi
91%
Cameroon
91%
Cape Verde
91%
Central African Republic
91%
Chad
91%
Chile
91%
Colombia
91%
Comoros
91%
Costa Rica
91%
Dem. Rep. of the Congo
91%
Dominican Republic
91%
Ecuador
91%
Egypt
91%
El Salvador
91%
Equatorial Guinea
91%
Eritrea
91%
Eswatini
91%
Ethiopia
91%
Finland
91%
Gabon
91%
Gambia
91%
Ghana
91%
Greece
91%
Guinea
91%
Guinea Bissau
91%
Guyana
91%
Honduras
91%
Iraq
91%
Israel
91%
Ivory Coast
91%
Jordan
91%
Kazakhstan
91%
Kenya
91%
Kyrgyzstan
91%
Lebanon
91%
Lesotho
91%
Liberia
91%
Libya
91%
Madagascar
91%
Malawi
91%
Mali
91%
Malta
91%
Mauritania
91%
Moldova
91%
Morocco
91%
Mozambique
91%
Namibia
91%
Nicaragua
91%
Niger
91%
Nigeria
91%
Norway
91%
Oman
91%
Panama
91%
Paraguay
91%
Peru
91%
Qatar
91%
Republic of the Congo
91%
Russia
91%
Rwanda
91%
Saudi Arabia
91%
Senegal
91%
Seychelles
91%
Sierra Leone
91%
Somalia
91%
South Africa
91%
South Sudan
91%
St. Kitts and Nevis
91%
St. Lucia
91%
St. Vincent and Grenadines
91%
Sudan
91%
Suriname
91%
Sweden
91%
Tajikistan
91%
Tanzania
91%
Togo
91%
Trinidad and Tobago
91%
Tunisia
91%
Turkmenistan
91%
Uganda
91%
Ukraine
91%
United Arab Emirates
91%
Uruguay
91%
Uzbekistan
91%
Venezuela
91%
Yemen
91%
Zambia
91%
Zimbabwe
91%
Australia
82%
Bangladesh
82%
Brunei
82%
Cambodia
82%
China
82%
Cyprus
82%
Djibouti
82%
East Timor
82%
Estonia
82%
Fed. States of Micronesia
82%
Fiji
82%
Georgia
82%
Grenada
82%
India
82%
Indonesia
82%
Kiribati
82%
Kuwait
82%
Laos
82%
Latvia
82%
Lithuania
82%
Malaysia
82%
Maldives
82%
Mauritius
82%
Mongolia
82%
Myanmar
82%
Nauru
82%
Nepal
82%
New Zealand
82%
Pakistan
82%
Palau
82%
Papua New Guinea
82%
Philippines
82%
Samoa
82%
Solomon Islands
82%
South Korea
82%
Sri Lanka
82%
Thailand
82%
Tonga
82%
United States
82%
Vietnam
82%
Japan
73%
Marshall Islands
73%
São Tomé and Príncipe
73%
Singapore
73%
Tuvalu
73%
Vanuatu
73%
Niue
55%
Cook Islands
45%
No matching quizzes found
Score Distribution
Percent of People with Each Score
Percentile by Number Answered
Your Score History
You have not taken this quiz since the last reset